00568nam a2200169 a 450000100100000000500170001000800410002704000250006808200150009310000240010824500420013226000650017430000190023904900090025895201140026799900170038100002919220200930055404.0110414s1991 dr 000 0 spa d aDO-SdBNPbspacBNPHU axxxaB139e1 aBaehr, Bonnie9116411aEnos, hijo del cosmo /cBonnie Baehr. aSanto Domingo :bFondo de Publicaviones Bonnie Baehr,c1991. a8 p. ;c17 cm. aBNPD 0010718PDaPDbPDcCTd2011-04-14iLF1l0oxxx B139e p29192-10r2020-06-25w2020-06-25yLFPDZNo se presta c28684d28684